000 01059nam a2200265Ia 4500
003 OSt
005 20221005104359.0
006 a|||||r|||| 00| 0
007 ta
008 221004b |||||||| |||| 00| 0 hin d
020 _a9788186304747 (hbk)
_c400
024 _a101868
037 _b358, 02/03/2010, Swaraj Prakashan
_cTextual
040 _aCRL
_cCRL
_bhin
041 _2hin
_ahin
082 _aO152,1M96:g, L6
100 _aपाण्डेय शश्भिूषण ‘शीतांशु’
_9160079
245 0 _aनिराला का अलक्ष्ति अर्थगौरव
246 _aNirālā kā alakṣhti arthagaurava
260 _aदिल्ली
_bभारत पुस्तक भण्डार भारत
_c1976
300 _a212पृ0
_ccm.
650 _aहिन्दी साहित्य
942 _hO152,1M96:g, L6
_cTEXL
_2cc
999 _c1012531
_d1012531